| 000 | 01232nam a2200289 i 4500 | ||
|---|---|---|---|
| 001 | 113591 | ||
| 003 | ES-MaACL | ||
| 005 | 20250717045850.0 | ||
| 007 | t| | ||
| 008 | 061121s1927 sp r ||||1| spa d | ||
| 080 | _a524.8 | ||
| 100 | 1 |
_aNölke, Friedrich. _9185736 |
|
| 245 | 1 | 3 |
_aLa evolución del universo _b: problemas e hipótesis cosmogónicos / _cFriedrich Noelke ; traducción del alemán por J. Cabrera. |
| 260 |
_aMadrid : _bRevista de Occidente, _c[1927] |
||
| 300 |
_a172, [2] p. de lám. : _bil. ; _c23 cm. |
||
| 490 | 1 |
_aNuevos hechos, nuevas ideas ; _v21 |
|
| 510 |
_aCCPB, _c000973287-X |
||
| 650 | 0 | 7 |
_aCosmogonía _2embne _911387 |
| 700 | 1 |
_aCabrera, J. _933284 |
|
| 830 | 1 |
_aNuevos hechos, nuevas ideas ; _v21 _9184426 |
|
| 852 |
_aES-MaACL _jD-6539 _9117866 _bR.30683 _bR.M.6130 _cSVI _fSello en tinta azul de la Biblioteca del Ateneo de Madrid _fSello en tinta azul de la librería Enrique Prieto, Preciados, 48-Madrid _zEn cubierta: "12.MAR.1951" |
||
| 852 |
_aES-MaACL _jE-14972 _xOlim P-209 |
||
| 942 |
_2udc _cMONOGRAFIA |
||
| 999 |
_c113591 _d113591 |
||